Discurso de la Angostura /

El 15 de febrero de 1819, Simón Bolívar dio su discurso ante el Congreso de Angostura, en el que presenta un proyecto de Constitución y pugna por la unión de Colombia y Venezuela.

Guardado en:
Detalles Bibliográficos
Autor principal: Bolívar, Simón (autor)
Formato: Libro
Idioma:Español
Colección:(Materiales de Cultura y Divulgación Política Mexicana ; 6)
Temas:
Etiquetas: Agrega una etiqueta
Sin etiquetas, Sé el primero en etiquetar este registro!

MARC

LEADER 00000nam^a2200000^a^4500
001 000121120
005 20250521000000.0
009 20260310094416.489
037 |a Acervo ITESO - Biblioteca 
041 |a ESP 
082 |a 980. 02  |b BOL 
100 |a Bolívar, Simón  |e (autor) 
245 1 0 |a Discurso de la Angostura /  |c S. Bolívar. 
264 |a México :  |b Partido Revolucionario Institucional, Comité Ejecutivo Nacional,  |c 1974 
300 |a 26 p. 
336 |a texto  |b txt  |2 rdacontenido 
337 |a sin mediación  |b n  |2 rdamedio 
338 |a volumen  |b nc  |2 rdasoporte 
440 1 |a (Materiales de Cultura y Divulgación Política Mexicana ;  |v 6) 
520 |a El 15 de febrero de 1819, Simón Bolívar dio su discurso ante el Congreso de Angostura, en el que presenta un proyecto de Constitución y pugna por la unión de Colombia y Venezuela. 
649 |a XX 
650 |a Independentistas Venezolanos -  |x Discursos 
650 |a Revolucionarios Venezolanos -  |x Discursos 
650 |a Políticos Venezolanos -  |x Discursos 
650 |a Filosofía Política -  |z América del Sur -  |x Historia -  |y Guerras de Independencia 
650 |a Política -  |z América del Sur -  |x Historia -  |y Guerras de Independencia 
650 |a América del Sur -  |x Historia -  |y Guerras de Independencia 
650 |a América del Sur -  |x Historia Constitucional 
910 |a Fondo Salvador Reynoso Reynoso 
920 |a Impresos - Libros 
930 |a Fondos Especiales 
905 |a 112 
901 |a 0800006209  |b IT2  |c ESP  |u 20250521 
902 |a https://opac.biblio.iteso.mx/vufind/Record/000121120